000 00588nam a2200205 4500
001 108962
003 ES-MaACL
005 20230906184740.0
007 t|
008 061121s1968 sp r ||||1| spa d
100 1 _aMoore, Sebastián.
_982826
245 1 0 _aDios es un nuevo lenguaje /
_cSebastián Moore , traducido por Luis Bittini.
260 _aSalamanca :
_bSigueme,
_c1968.
300 _a217 p. ;
_c19 cm.
490 1 _aHinneni ;
_v87
700 1 _aBittini, Luis.
_929031
830 0 _aHinneni ;
_v87
_9180790
852 _aES-MaACL
_jC-50302
_bR.67500
999 _c108962
_d108962